| 000 | 00501nam a2200181Ia 4500 | ||
|---|---|---|---|
| 003 | OSt | ||
| 005 | 20240423112021.0 | ||
| 008 | 210210b1956 xxu||||| |||| 00| 0 eng d | ||
| 040 | _cAL | ||
| 041 | _aKannada | ||
| 082 | _a856/249 | ||
| 100 |
_aLAKSHMANARAV (K S) ಲಕ್ಷ್ಮಣರಾವ್ ಕೆ ಎಸ್ _9162071 |
||
| 245 |
_aHalu _bಹಾಲು |
||
| 260 |
_aMaisuru _bMaisuru Vishvavidyanilaya _c1956 |
||
| 690 |
_aKannada Miscellaneous _9162072 |
||
| 906 | _a020485 | ||
| 942 |
_2ddc _cBK |
||
| 999 |
_c144633 _d144633 |
||